Obálka Náhled e-knihy:
PDF Epub
Pro půjčování e-knih musíte být přihlášeni.
Jak si půjčit online?

Asistentka Zloducha /

Evie sa musí postarať o rodinu, preto je pre ňu zamestnanie životne dôležité. Nešťastná náhoda ju privedie k Zloduchovi, ktorý jej ponúkne prácu. Všetko sa zhorší, keď sa do svojho sexi šéfa zabuchne. Postupne však zisťuje, že v kráľovstve sa šíri skaza a niekto sa snaží Zloducha zničiť. Evie musí p...

Celý popis

Uloženo v:
Série:Asistentka Zloducha, část 1
Hlavní autor: Maehrer, Hannah Nicole (Autor)
Médium: E-kniha
Jazyk:Czech
Vydáno: Praha : Albatros Media Slovakia s.r.o., 2025
Příbuzné jednotky:Z cyklu:: Asistentka Zloducha
Tagy:
Žádné tagy
LEADER 01550nam a22002417i 4500
001 303211
007 ta
008 260518s2025 xr ||||| |||| 00| 0 cze d
020 |a 9788056643709 
044 |a xr 
100 1 |a  Maehrer, Hannah Nicole  |4 aut 
245 1 0 |a Asistentka Zloducha /  |c  Maehrer, Hannah Nicole 
240 1 0 |a Assistant to the Villain 
264 1 |a Praha :  |b Albatros Media Slovakia s.r.o.,  |c 2025 
300 |a 1 online zdroj (360 stran) 
336 |a text  |b txt  |2 rdacontent 
337 |a bez média  |b n  |2 rdamedia 
338 |a online zdroj  |b cr  |2 rdacarrier 
520 2 |a Evie sa musí postarať o rodinu, preto je pre ňu zamestnanie životne dôležité. Nešťastná náhoda ju privedie k Zloduchovi, ktorý jej ponúkne prácu. Všetko sa zhorší, keď sa do svojho sexi šéfa zabuchne. Postupne však zisťuje, že v kráľovstve sa šíri skaza a niekto sa snaží Zloducha zničiť. Evie musí potlačiť city, zistiť, kto šéfa sabotuje, a postarať sa, aby za to zaplatil. Napokon, dobrá práca sa hľadá naozaj ťažko. 
787 0 8 |g 1  |i Z cyklu:  |t Asistentka Zloducha 
910 |a RBIT002 
998 |d 426883  |a https://core.palmknihy.cz/api/books/426883/cover?tesgh9  |b https://core.palmknihy.cz/api/books/426883/cover/400?tesgh9  |c https://core.palmknihy.cz/api/books/426883/cover/50?tesgh9  |e 2028-12-15  |g 360  |i 9788056643709  |j https://core.palmknihy.cz/api/books/426883/preview.epub  |k https://core.palmknihy.cz/api/books/426883/preview.pdf  |l   |q 49  |r 1  |s https://www.palmknihy.cz/kniha/426883  |t ebook  |y 2025  |z 1  |v Asistentka Zloducha  |w 1 
999 |d 303209